[Event "Olympiad-42"]
[Site "Baku"]
[Date "2016.09.06"]
[Round "5.4"]
[White "Stupak, Kirill"]
[Black "Bok, Benjamin"]
[Result "0-1"]
[WhiteElo "2561"]
[BlackElo "2592"]
[Annotator "Moradiabadi,E"]
[PlyCount "70"]
[EventDate "2016.09.02"]
[EventType "team-swiss"]
[EventRounds "11"]
[EventCountry "AZE"]
[SourceTitle "CBM 175"]
[Source "ChessBase"]
[SourceDate "2016.11.10"]
[SourceVersion "1"]
[SourceVersionDate "2016.11.10"]
[SourceQuality "1"]
[WhiteTeam "Belarus"]
[BlackTeam "Netherlands"]
[WhiteTeamCountry "BLR"]
[BlackTeamCountry "NED"]

{Bok put the Netherlands on the top of the table with this fine victory with
the black pieces.} 1. d4 Nf6 2. c4 e6 3. Nf3 d5 4. Nc3 c6 5. Bg5 h6 6. Bxf6 {
Stupak has no interest in entering a theoretical duel in the 'Moscow
Variation'.} Qxf6 7. e3 {} g6 8. e4 $5 {A very rare choice and an odd
continuation.} (8. Bd3 {is the typical continuation.} Bg7 9. O-O O-O 10. e4 (
10. cxd5 exd5 11. b4 Be6 12. Na4 Qe7 13. Rb1 b6 14. Qc2 Rc8 15. Rfc1 Nd7 16. h3
h5 (16... b5 $146 17. Nc5 Nxc5 18. Qxc5 Qxc5 19. Rxc5 a5 20. bxa5 Rxa5 21. Rbc1
Bd7 22. a4 $11) 17. Rb3 g5 18. Nd2 Bf8 19. Bf5 Qf6 20. Bxe6 fxe6 21. Nf1 b5 22.
Nc5 Bxc5 23. bxc5 Rf8 24. e4 dxe4 25. Ng3 Qg6 26. Qxe4 Qxe4 27. Nxe4 g4 28.
hxg4 hxg4 29. Rg3 Rf4 30. f3 Raf8 31. Ng5 R8f6 32. Re1 Rxd4 33. Nxe6 Rc4 34. f4
Kf7 35. Nd8+ Kf8 36. Ne6+ Kf7 37. Nd8+ Kf8 38. Ne6+ Kf7 39. Nd8+ {1/2-1/2 (39)
Berkes,F (2659)-So,W (2779) Kocaeli 2015}) 10... Qd8 $5 (10... dxe4 11. Nxe4
Qd8 12. c5 Bxd4 13. Nxd4 Qxd4 14. Qe2 Nd7 15. Rad1 Qg7 16. Qe3 Kh7 17. b4 Nf6
18. Nxf6+ Qxf6 19. Be4 a5 $15 {1/2-1/2 (48) Holt,C (2549)-Le,Q (2678) South
Padre Island 2014}) 11. Re1 (11. e5 dxc4 12. Bxc4 c5 13. dxc5 Nd7 14. Qe2 Nxc5
15. Rad1 Qe7 16. Rd6 b6 17. Rfd1 Nb7 18. R6d2 Na5 19. Bd3 Bb7 20. Be4 Rad8 $11
{0-1 (43) Bacrot,E (2729)-Giri,A (2758) Linares 2014}) 11... c5 12. exd5 cxd4
13. dxe6 Bxe6 14. Ne2 Qd6 15. Qd2 Nc6 16. Nf4 Bg4 17. Be4 Bxf3 18. Bxf3 Ne5 19.
Bd5 Rac8 20. b3 b5 21. Rac1 bxc4 22. bxc4 Rc7 23. Nd3 Nxd3 24. Qxd3 Kh7 25. g3
Bf6 26. Rb1 Kg7 27. Rb5 Rfc8 28. Reb1 Rc5 29. a4 Rxb5 30. axb5 Rc7 31. Qb3 Qe5
32. Qf3 Bg5 33. c5 Rd7 34. b6 axb6 35. cxb6 Rxd5 36. Qxd5 Qxd5 37. b7 d3 38.
b8=Q d2 39. Rd1 Qf3 40. Qb2+ Kh7 41. Qc2 Be3 42. fxe3 Qxe3+ {1/2-1/2 (42)
Caruana,F (2808)-Anand,V (2816) Saint Louis 2015}) 8... dxe4 {(318s)} 9. Nxe4 {
(2s)} Bb4+ {(8s)} 10. Ke2 {Computers cry that this is a bad move but the idea
of taking his majesty into battle dates back to the time of Steinintz when he
used to, sometimes, opt for 1.e4 e5 2.f4 exf4 3.d4?! Qh4+ 4.Ke2!!} Qg7 (10...
Qe7 {Saric chose this against Jobava.} 11. c5 O-O 12. Qa4 Na6 13. a3 b5 (13...
e5 14. axb4 exd4 15. Kd3 $1 Bf5 16. Nfd2 Nc7 17. f3 Nd5 18. Kc2 {and Black's
compensation does not seem sufficient for the sacrificed piece.}) 14. Qb3 Ba5
15. Ne5 Nb8 16. Qg3 Bc7 17. Ke3 $2 {Suddenly in this game, Jobava became
self-destructive.} (17. h4 $16) 17... g5 18. f4 f5 19. h4 Bxe5 20. dxe5 fxe4
$17 21. hxg5 hxg5 22. Rh5 Rf5 23. Be2 Qg7 24. fxg5 Nd7 25. Rah1 Nf8 26. Rh8+
Qxh8 27. Rxh8+ Kxh8 28. Kxe4 Bd7 29. Ke3 Rf7 30. Qh4+ Kg8 31. Qe4 Rc8 32. a4
bxa4 33. Qxa4 Rb8 34. b4 Rf5 35. Bf3 Rxe5+ 36. Kd4 Rxg5 37. Kc3 Rc8 38. Qxa7
Rg7 {0-1 (38) Jobava,B (2727)-Saric,I (2666) Wijk aan Zee 2015}) (10... Qf5 11.
Ke3 $1 Be7 12. Bd3 Qa5 13. Ke2 {may lead to some slight edge for White.}) 11.
c5 {Stupak cuts off this bishop and his entire plan revovles around keeping
the bishop on c8 out of the game.} O-O 12. Qa4 Na6 13. Ke3 $2 {Stupak plays
fast and inaccurately. He is playing with fire. It may seem that he is about
to win a piece but in reality he gets his king exposed to numerous threats.} b5
(13... f5 14. Bxa6 (14. Nd6 f4+ 15. Ke2 Bxc5 {[%cal Gg7b2]}) 14... fxe4 {
looks also very good for Black.}) 14. cxb6 axb6 15. Qxc6 f5 $5 {Of course! A
king hunt is about to begin!} 16. Qxa8 Nc7 17. Nf6+ Qxf6 18. Qc6 Nd5+ 19. Ke2
Rd8 {None of White's pieces can protect his king while all of Black's pieces
are active. That all happened with the material investment of merely an
exchange and a pawn!} 20. g3 Bc5 $1 {Brilliant play by Bok!} 21. Qa4 (21. dxc5
Qxb2+ {wins on the spot.}) (21. Bg2 Ba6+ 22. Ke1 Nb4 {This is the idea of ...
Bc5!, it frees the b4-square for the knight!}) 21... Nb4 $2 {This almost lets
White run away.} (21... Bxd4 $3 22. Nxd4 (22. Qxd4 Nf4+ 23. gxf4 Rxd4 $19)
22... Nb4 $3 23. Bg2 (23. Rd1 Qe5+ 24. Kd2 Rxd4+ 25. Kc1 Nd3+ $19) (23. Qxb4
Rxd4 24. Qb5 (24. Qxb6 Qe5+ 25. Kf3 Qe4#) 24... Ba6 25. Qxa6 Qe5+ 26. Kf3 Qe4#)
23... Ba6+ 24. Qxa6 Nxa6 $19) 22. Rd1 (22. a3 Ba6+ 23. Ke1 Rxd4 24. Qe8+ Kg7
25. Bxa6 Rd8 26. Qxd8 (26. Qa4 Qxb2 $19 {Ahh! you were worried about castling?
Please do not! White's king had made way too many moves!}) 26... Nc2+ 27. Kd2
Qxd8+ 28. Kxc2 Qa8 29. Be2 Qe4+ 30. Kd2 Bxf2 $44 {and it is not easy to
imagine how Bok was going to win this game.}) 22... Bb7 23. Rd2 Ra8 24. Qd1 {}
Bf8 $2 {The loss of an important tempo.} (24... Rxa2) (24... e5) 25. a3 e5 {}
26. axb4 exd4 {} 27. Qb3+ Kh8 28. Rd1 $4 {I have a very hard time
understanding this move.} (28. Bg2 {and I do not see how Black is going to
prove that he has enough compensation when his material investment has gone
from from an exchange to a whole rook!}) 28... Re8+ (28... Qe7+ 29. Kd2 Bxf3
30. Qxf3 Qxb4+ {was probably better!}) 29. Kd2 Bxf3 30. Qxf3 d3 $1 {Now
White's king is exposed again!} 31. Rb1 $4 (31. Kxd3 Qxb2 32. Qc6 Rd8+ 33. Ke3
Rxd1 34. Kf3 {doesn't seem to be losing on the spot. Stupak should have kept
faith in his king and had to let it to take care of itself!}) 31... Bxb4+ {
Now Black owns White's king.} 32. Kxd3 Qe6 $1 {Accurate play! This covers all
of White's king's possible escape routes.} 33. Kc2 Rc8+ 34. Qc3+ Bxc3 35. bxc3
Qc6 {And finally Bok's attack pays off in this topsy-turvy game!} 0-1

[Event "Moscow Tal Memorial 5th"]
[Site "Moscow"]
[Date "2010.11.12"]
[Round "7"]
[White "Wang, Hao"]
[Black "Gelfand, Boris"]
[Result "1-0"]
[WhiteElo "2727"]
[BlackElo "2739"]
[Annotator "Mueller,Karsten"]
[PlyCount "149"]
[EventDate "2010.11.05"]
[EventType "tourn"]
[EventRounds "9"]
[EventCountry "RUS"]
[EventCategory "21"]
[SourceTitle "CBM 139"]
[Source "ChessBase"]
[SourceDate "2010.11.18"]
[SourceVersion "1"]
[SourceVersionDate "2010.11.18"]
[SourceQuality "1"]

1. d4 d5 2. c4 c6 3. Nf3 Nf6 4. Nc3 e6 5. Bg5 h6 6. Bxf6 Qxf6 7. e3 Nd7 8. Bd3
dxc4 9. Bxc4 Bd6 10. O-O Qe7 11. Ne4 Bc7 12. Qc2 O-O 13. Rfd1 b6 14. Qe2 a6 15.
Rac1 Bb7 16. Bd3 Rfd8 17. a3 a5 18. h3 Rab8 19. Ned2 e5 20. Be4 exd4 21. Nxd4
Nc5 22. Bf3 Be5 23. Nc4 Bxd4 24. Rxd4 Rxd4 25. exd4 Qxe2 26. Bxe2 Nb3 27. Rd1
Ba6 28. Bf1 a4 29. f3 f6 30. d5 cxd5 31. Rxd5 Rc8 32. Ne3 Bxf1 33. Kxf1 Nc5 34.
h4 Kf7 35. Rd6 h5 36. Rxb6 Nd3 37. Rb7+ Kg6 38. Nd5 Re8 39. Ne7+ Kh7 40. g3
Nxb2 41. Nd5 Rd8 42. Nxf6+ Kh6 43. Nxh5 Kxh5 44. Rxb2 Rd3 45. Kg2 Rxa3 46. Rb6
Rb3 47. Ra6 a3 48. Ra5+ Kg6 49. g4 Rb2+ 50. Kg3 a2 51. h5+ Kf7 52. f4 Rc2 53.
Ra7+ Kf6 54. Ra6+ Kf7 55. g5 Rb2 56. Kg4 Rc2 57. Ra7+ Kg8 58. Kf5 Rb2 59. Kg4
Rg2+ 60. Kh3 Rb2 61. g6 Kf8 62. Kg4 Rc2 63. Kg5 Rg2+ 64. Kf5 Rb2 65. Ra8+ Ke7
66. Ra6 Rb5+ 67. Kg4 Rb2 68. Ra7+ {Aktive Verteidigung In Turmendspielen ist
dies oft das Motto:} Kf8 $2 {Nun können die weißen Bauern durchbrechen.} ({
Das aktive} 68... Kf6 69. Rf7+ Ke6 70. f5+ Ke5 {hält den Laden zusammen, z.B.}
71. Re7+ Kd5 72. Ra7 Ke5 73. Ra5+ Kf6 74. Ra6+ Ke5 75. f6 a1=Q 76. Rxa1 Kxf6
$11) 69. Kf5 $2 {Wang Hao verpasst die Gunst der Stunde:} (69. f5 $1 {und die
Schachdistanz des Turmes von hinten ist zu kurz:} Rf2 (69... Rg2+ 70. Kf3 Rh2
71. f6 gxf6 72. Kg4 Rh1 73. Rxa2 Kg7 74. Ra7+ $18) 70. Kg5 Rg2+ 71. Kf4 Rh2 72.
Ke5 (72. f6 $2 Rf2+ 73. Kg5 Rg2+ 74. Kf5 Rf2+ 75. Ke5 Rxf6 76. Rxa2 Kg8 77.
Ra8+ Rf8 $11) 72... Re2+ 73. Kd5 Rd2+ 74. Ke4 Re2+ 75. Kf3 Rh2 (75... Re5 76.
Kf4 Re2 77. h6 Rf2+ 78. Ke3 Rxf5 79. Ra8+ Ke7 80. hxg7 $18) 76. f6 gxf6 77. Kg4
Kg8 78. Kf5 Rf2+ 79. Ke6 $18) 69... Rh2 70. h6 ({Zur Umkehr mit} 70. Kg4 {
ist es wegen} Rg2+ 71. Kf3 Rh2 {zu spät.}) 70... Rxh6 71. Rxa2 Rh1 72. Ra8+ Ke7
73. Rg8 Rh5+ 74. Kg4 Rh1 75. Kg5 {Gelfand ist von der langen Verteidigung
ermüdet und gibt auf.} ({Golubev hat jedoch in Chess Today 3657 nachgewiesen,
dass er mit aktivem Spiel remis halten konnte:} 75. Kg5 Ke6 $1 76. f5+ Ke5 77.
Re8+ Kd6 78. f6 Rg1+ 79. Kh4 gxf6 80. Kh5 Rh1+ 81. Kg4 Rg1+ 82. Kf5 Rf1+ $11)
1-0

[Event "FIDE World Cup"]
[Site "Tbilisi"]
[Date "2017.09.27"]
[Round "7.5"]
[White "Aronian, Levon"]
[Black "Ding, Liren"]
[Result "1-0"]
[WhiteElo "2802"]
[BlackElo "2771"]
[Annotator "Nadanian,A"]
[PlyCount "59"]
[EventDate "2017.09.03"]
[EventType "k.o."]
[EventRounds "7"]
[EventCountry "GEO"]
[SourceTitle "CBM 181"]
[Source "ChessBase"]
[SourceDate "2017.11.10"]
[SourceVersion "1"]
[SourceVersionDate "2017.11.10"]
[SourceQuality "1"]

1. c4 {[%emt 0:00:00] Sagar Shah} Nf6 {[%emt 0:00:01]} 2. Nf3 {[%emt 0:00:00]}
e6 {[%emt 0:00:02]} 3. Nc3 {[%emt 0:00:00]} d5 {[%emt 0:00:01]} 4. d4 {[%emt 0:
00:00]} c6 {[%emt 0:00:01]} 5. Bg5 {[%emt 0:00:02]} h6 {[%emt 0:00:01]} 6. Bxf6
{[%emt 0:00:02]} Qxf6 {[%emt 0:00:02] The Moscow Variation is an all time
popular line in the Slav Defence. White provided his opponent with two bishops,
but instead got an advantage in development and the control over the e4-square.
} 7. Qb3 {[%emt 0:00:02] Someone who liked to play this move was Alexander
Alekhine, favourite chess player of Levon. Preventing the black bishop's check
from the b4-square White prepares the move e4.} Nd7 {[%emt 0:00:16]} 8. e4 {
[%emt 0:00:07]} dxe4 {[%emt 0:00:03]} 9. Nxe4 {[%emt 0:00:02]} Qf4 {[%emt 0:00:
02]} 10. Bd3 {[%emt 0:00:06]} e5 {[%emt 0:00:07] To avoid getting into trouble,
Black must not play passively.} ({For example} 10... Be7 11. O-O O-O 12. Rfe1 (
12. Bc2 $5 {is also very promising, as was played by Levon in his brilliant
game against Leko in Tromso 2014}) 12... Rd8 13. Rad1 Qc7 14. Bb1 {
Smyslov-Petrosian, 1971, and White is better.}) 11. O-O {[%emt 0:00:04]} Be7 {
[%emt 0:00:12]} ({A beginner's move} 11... f5 $2 {is bad due to} 12. Rae1 fxe4
13. Rxe4 {and Black falls under a heavy attack.}) 12. Rae1 {[%emt 0:00:04]}
exd4 {[%emt 0:03:35]} 13. Bb1 {[%emt 0:00:08] Levon ignores the d4-pawn and
instead takes aim down the b1-h7 diagonal.} ({After} 13. Nxd4 O-O {it's not
easy for White to develop an initiative.}) 13... O-O {[%emt 0:00:47]} 14. Ng3 {
[%emt 0:00:03]} ({Black is OK after} 14. Qd3 g6 15. Qxd4 Nc5) 14... Bd8 $2 {
[%emt 0:05:48] Sagar Shah: 'After this Black's position becomes critical
mainly because his pieces are undeveloped.'} ({I think if this position came
up in Ding's practice one more time, he would play} 14... Nc5 {as happened in
Ivanisevic - Schenk, 2005/2006. And then a very possible line is} 15. Qa3 Bd6
16. Nh5 Qg4 17. Ng3 Qf4 18. b4 Ne6 19. c5 Bc7 20. Re4 Qf6 21. Nh5 Qg6 22. Ng3
Qf6 {with repetion of moves.}) 15. Qd3 $1 {[%emt 0:00:36]} (15. Re4 Qc7 16.
Rxd4 {is less ambitious and Black has a decent position after} Re8) 15... g6 {
[%emt 0:00:06]} (15... Nf6 $4 {is a blunder due to} 16. Nh5) 16. h4 $1 {
[%emt 0:00:02] Immediately starting to storm the position of Black's king.} Nf6
{[%emt 0:04:51]} ({Better was the more active} 16... Nc5 {after} 17. Qa3 Bb6
18. h5 Qf6 {the position is approximately equal.}) 17. h5 {[%emt 0:01:11]
Sagar Shah: 'Levon was playing very fast and had a lot of time on his clock,
while his opponent Liren was taking a lot of time for his moves.'} g5 $6 {
[%emt 0:00:01] This weakens the kingside without a fight and surrenders
important white squares on the diagonal b1-h7.} ({He had to play} 17... Bg4 18.
hxg6 (18. Ne5 Bxh5 19. Nxh5 Nxh5 20. Nxg6 fxg6 21. Qxg6+ Ng7 22. Qh7+ Kf7)
18... Bxf3 19. gxf3 Qg5 20. Qf5 fxg6 21. Qxg6+ Qxg6 22. Bxg6 {and White is
just slightly better. It is interesting to note that a similar mistake against
Levon was made by Vachier-Lagrave, when he played 21...g5? in their rapid game
and then quickly lost.}) 18. Ne5 $1 {[%emt 0:03:10] The dominating positions
of all White's pieces provide a big advantage.} ({In the event of the less
strong} 18. Nxd4 Bc7 19. Re7 Qd6 20. Rfe1 c5 {Black exchanges the queens. At
this moment, Ding had half as much time on the clock as Levon: 11 minutes to
22 and he spent another 3 important minutes for his next move. In rapid chess
such a concession in time is often crucial.}) 18... Ba5 {[%emt 0:04:38]} 19.
Ng6 $1 {[%emt 0:01:04] Beautiful move! The knight rushes to e7, from where it
will support the g3-knight for the occupation of the f5-square.} ({To be fair,
it should be noted that White had an even stronger opportunity:} 19. Re2 $1 Bc7
20. Ng6 $1) 19... Qd2 {[%emt 0:00:05] Here I will make a small digression.
Almost from the very beginning of the game in the playing hall there was a
noise associated with the repair works in the neighboring building. Both Levon
and Ding appealed to the arbiters with a request to solve the problem. However,
they were powerless. At the moment after 19...Qd2 the noise became so
unbearable, that Levon could not properly concentrate at the game and
naturally became very irritated. In this difficult situation he found a very
strong "move" - having much more time than his opponent - 18 minutes against 8
- he got up at his turn from the board and went out of the playing hall. After
washing his face and pulling himself together - what took about 1,5 minutes -
he returned to the board, concentrated and made another two strong moves -
this time on the chessboard:} 20. Ne7+ $1 {[%emt 0:06:03]} Kg7 {[%emt 0:00:25]}
({If} 20... Kh8 {then} 21. Qf3) 21. Qb3 $1 {[%emt 0:00:58] Of course, White
does not exchange the queens and continues a strong attack on the black king.
Suddenly appearing on the d2-square Black's queen is out of work.} Qf4 {
[%emt 0:00:53]} 22. Rd1 $2 {[%emt 0:01:14]} ({The correct move was the
energetic} 22. Ngf5+ Kh8 (22... Bxf5 23. Nxf5+ Kh8 24. Re7) 23. g3 Qg4 24. Qa3
$3 {and White wins due to the double threat 25.Qxa5 and 25.Ng6+.}) 22... Bb6 $2
{[%emt 0:01:16] This seems to be the decisive mistake.} ({Black shoud have
played} 22... c5 23. Ngf5+ Bxf5 24. Nxf5+ Kh8 25. g3 Qc7 26. Nxh6 g4 {where
White is better, but far from winning.}) 23. Ngf5+ {[%emt 0:06:03]} Bxf5 {
[%emt 0:00:02]} ({After} 23... Kh8 24. Nxc8 Raxc8 25. g3 {the position of the
rook on c8 instead of a8 (as in the game) does not help Black.}) 24. Nxf5+ {
[%emt 0:00:01]} Kh8 {[%emt 0:00:01]} 25. g3 {[%emt 0:00:02]} Qg4 {[%emt 0:03:
31]} 26. Nxh6 {[%emt 0:00:04]} Qxh5 {[%emt 0:01:22] Other two alternatives are
maybe more stubborn, but White is still winning.} (26... Qh3 27. c5 $18) (26...
Qe6 27. Rfe1 Ne4 28. Rxe4 Qxh6 29. Rde1 $18) 27. Kg2 $1 {[%emt 0:00:17]
Provides the decisive join of the rook to the attack and the game immediately
ends.} d3 {[%emt 0:00:04]} 28. Qc3 $1 {[%emt 0:00:48]} ({The last accurate
move. After the tempting} 28. Rh1 $4 {Black plays} Qe2 {and suddenly survives.}
) 28... Kg7 {[%emt 0:00:38]} 29. Nf5+ {[%emt 0:00:20]} Kg6 {[%emt 0:00:02]} 30.
Rh1 {[%emt 0:00:14] Black resigns A super-important victory!} 1-0